| 000 | 01149nam a2200289 a 4500 | ||
|---|---|---|---|
| 001 | BRCA_3467 | ||
| 005 | 20190320204310.0 | ||
| 041 | _aeng | ||
| 044 | _aenk | ||
| 084 |
_a756 _b.W37 _c1711 |
||
| 100 | 1 |
_aWard, Edward _99045 |
|
| 245 | 1 | 0 |
_aThe Life and Notables Adventures of that Renowned Knight, Don Quixote de la Mancha _cMerrily Translated into Hudibrastic Verse by Edward Ward. |
| 260 |
_aLondres _bT. Norris _c1711-12 |
||
| 300 |
_a2 v. _c21 cm. |
||
| 500 | _aContenido : v.1. Primera parte. Dedicatoria de E. Ward. Prólogo. -- v.2. Segunda parte. Dedicatoria de E. Ward | ||
| 500 | _aTraducción humorística en verso del Quijote hecha por Edward Ward. Piel Lúdovik Osterc | ||
| 500 | _aEstado físico : Cubierta del v.1 desprendida | ||
| 500 | _aQMB106 | ||
| 546 | _aTexto en : inglés | ||
| 650 | 1 | 4 |
_aNovela española _yÉpoca clásica, 1500-1700 _9215 |
| 650 | 1 | 4 |
_aLiteratura española _yÉpoca clásica, 1500-1700 _9216 |
| 650 | 1 | 4 |
_aNovela española _ySiglo XVII _9217 |
| 650 | 1 | 4 |
_aDon Quijote (Personaje ficticio) _eNovela _9218 |
| 740 | 0 | _aEl Ingenioso Hidalgo Don Quijote de la Mancha | |
| 902 | _aQFM | ||
| 942 |
_2lcc _cB |
||
| 999 |
_c3203 _d3203 |
||